| 000 | 01304cam a2200289 a 4500 | ||
|---|---|---|---|
| 001 | 3546543 | ||
| 005 | 20210414114120.0 | ||
| 008 | 980319s1998 maua b 001 0 eng | ||
| 010 | _a 97072556 | ||
| 020 | _a0395876125 (student text) | ||
| 040 |
_aDLC _cDLC |
||
| 050 | 0 | 0 | _aPE1408.T695 |
| 082 | 0 | 0 |
_a808/.042 _221 |
| 100 | 1 | _aTrimmer, Joseph F. | |
| 245 | 1 | 0 |
_aWriting with a purpose. / _cJoseph F. Trimmer. |
| 250 | _a12th ed. | ||
| 260 |
_aBoston : _bHoughton Mifflin Co., _cc1998. |
||
| 300 |
_axxiii, 615 p. : _bill. ; _c24 cm. |
||
| 504 | _aIncludes bibliographical references and indexes. | ||
| 505 | _aContents: Towards a purposeful writing -- Planning -- Drafting -- Revising -- Common methods of development -- Argument -- Paragraphs: units of development -- Sentences: patterns of expression -- Diction: the choice of words -- Tone and style -- The Essay examination -- The Critical essay -- Planning the research paper -- Writing the research paper -- Reading with a purpose. | ||
| 650 | 0 |
_aEnglish language _xRhetoric. |
|
| 650 | 0 |
_aEnglish language _xGrammar _vProblems, exercises, etc. |
|
| 650 | 0 | _aReport writing. | |
| 906 |
_a7 _bcbc _corignew _d2 _eopcn _f19 _gy-gencatlg |
||
| 942 |
_2lcc _cBK |
||
| 999 |
_c2041 _d9541 |
||